Davos sa chystá na novú revolúciu

Svetové ekonomické fórum o priemysle 4.0 v Davose. Digitalizácia sveta. Kľúčové faktory v podnikaní - vzťahy a komunikácia. Ako udržať krok. Dôležitá stredná vrstva spoločnosti. Čas na zmenu tradičného školstva. Úbytok a nárast pracovných miest.

Gespeichert in:
Bibliographische Detailangaben
1. Verfasser: Jurina, Ľubomír
Format: Buchkapitel
Sprache:Slowakisch
Schlagworte:
Tags: Tag hinzufügen
Keine Tags, Fügen Sie das erste Tag hinzu!

MARC

LEADER 00000naa a2200000 4500
001 0211755
005 20231113104749.8
041 0 |a slo 
044 |a SK 
245 1 0 |a Davos sa chystá na novú revolúciu  |c Ľubomír Jurina 
520 |a Svetové ekonomické fórum o priemysle 4.0 v Davose. Digitalizácia sveta. Kľúčové faktory v podnikaní - vzťahy a komunikácia. Ako udržať krok. Dôležitá stredná vrstva spoločnosti. Čas na zmenu tradičného školstva. Úbytok a nárast pracovných miest. 
610 2 0 |a digitalizácia 
610 2 0 |a automatizácia 
610 2 0 |a priemysel 
610 2 0 |a výroba 
610 2 0 |a zručnosti 
610 2 0 |a kvalifikácia 
610 2 0 |a vzdelávanie 
610 2 0 |a konferencie 
100 1 |a Jurina, Ľubomír